000 02001cam a22005174i 4500
003 PE-LiUPU
005 20250731165503.0
008 150623s r 000 0 d
020 _a1850759537
035 _a(Sirsi) i9781850759539
040 _aPE-LiUPU
_bspa
_cPE-LiUPU
_erda
049 _aPRUA
082 0 4 _a221.07
_bJ
_221
100 1 _aFitzpatrick-McKinley, Anne,
_eautor.
245 1 4 _aThe transformation of Torah from scribal advice to law /
_cAnne Fitzpatrick-McKinley.
264 1 _aSheffield, England :
_bSheffield Academic Press,
_c1999.
300 _a200 páginas ;
_c23 centímetros
336 _atext
_2rdacontent
337 _aunmediated
_2rdamedia
338 _avolume
_2rdacarrier
490 0 _aJournal for the Study of the Old Testament. Supplement Series ;
_v287
504 _aIncluye bibliografía.
505 0 _aSome recent approaches to Old Testament law. -The independance of legal development. -The legislative model and its alternatives. -Torah and dharma: moral advice of scribes. -From sacred moral teaching to law.
526 _aSEG44
526 _aSEG26
526 _aP151
526 _aP150
526 _aP149
526 _aP146
526 _aP145
526 _aP126
526 _aP125
526 _aP92
526 _aP75
526 _aP74
526 _aP27
526 _aP15
650 0 4 _aBiblia.
_pA.T.
_xCrítica, interpretación, etc.
650 0 4 _aLey judía
_xMetodología.
942 _2ddc
_cBOOK
949 _aRC 221.07 J 287
_wDEWEY
_c1
_i46611
_lCCODEBUL1
_mBUL
_r0
_sY
_tBOOK
_u2015-6-24
_xTEOLOGIA
_PP35
_0COMPRA
_o.CIRCNOTE. No olvidar cambiar la fecha de devolución!!!!!!!
_o.STAFF. Colección General
994 _aC0
_bPEPRU
596 _a1
999 _aRC 221.07 J 287
_wDEWEY
_c23400
_i46611
_f2021-11-8
_g6
_lCCODEBUL1
_mBUL
_r1
_sY
_tBOOK
_u2015-6-24
_xTEOLOGIA
_PP35
_0COMPRA
_o.CIRCNOTE. No olvidar cambiar la fecha de devolución!!!!!!!
_o.STAFF. Colección General
_d23400
980 _81
_gALBERTO SANCHEZ Responsable de Automatización